Geological problem solving with LOTUS 1-2-3 for exploration and mining geology (with programs on diskette) / (Record no. 5782)

MARC details
000 -LEADER
fixed length control field 01286nac a22002771i 4500
003 - CONTROL NUMBER IDENTIFIER
control field EG-ScBUE
005 - DATE AND TIME OF LATEST TRANSACTION
control field 20260120095035.0
008 - FIXED-LENGTH DATA ELEMENTS--GENERAL INFORMATION
fixed length control field 260120s1990 enka f b 001 0 eng d
020 ## - INTERNATIONAL STANDARD BOOK NUMBER
International Standard Book Number 9780080402819
020 ## - INTERNATIONAL STANDARD BOOK NUMBER
International Standard Book Number 008040281X
040 ## - CATALOGING SOURCE
Original cataloging agency EG-ScBUE
Language of cataloging eng
Description conventions rda
Transcribing agency EG-ScBUE
Modifying agency EG-ScBUE
082 04 - DEWEY DECIMAL CLASSIFICATION NUMBER
Classification number 551.0285
Item number KOC
Edition number 22
100 1# - MAIN ENTRY--PERSONAL NAME
Personal name Koch, George S.,
Relator term author.
245 10 - TITLE STATEMENT
Title Geological problem solving with LOTUS 1-2-3 for exploration and mining geology (with programs on diskette) /
Statement of responsibility, etc George S. Koch, Jr., University of Georgia.
264 #1 - PUBLICATION, DISTRIBUTION, ETC. (IMPRINT)
Place of publication, distribution, etc Oxford ;
-- New York :
Name of publisher, distributor, etc Pergamon Press,
Date of publication, distribution, etc 1990.
300 ## - PHYSICAL DESCRIPTION
Extent xv, 208 pages :
Other physical details illustrations ;
Dimensions 24 cm
336 ## - CONTENT TYPE
Source rdacontent
Content type term text
Content type code txt
337 ## - MEDIA TYPE
Media type term unmediated
Source rdamedia
Media type code n
338 ## - CARRIER TYPE
Carrier type term volume
Carrier type code nc
Source rdacarrier
500 ## - GENERAL NOTE
General note System requirements for computer disk: IBM PC or compatible computer; 1-2-3 (version 2.01 or later); 1-2 disk drives or hard disk; graphics card (preferable); monitor to display graphs and printer to make hard copies of them (desirable).
504 ## - BIBLIOGRAPHY, ETC. NOTE
Bibliography, etc Includes bibliographical references and index.
650 #7 - SUBJECT ADDED ENTRY--TOPICAL TERM
Topical term or geographic name as entry element Prospecting
General subdivision Statistical methods
-- Data processing.
Source of heading or term BUEsh
650 #7 - SUBJECT ADDED ENTRY--TOPICAL TERM
Topical term or geographic name as entry element Mining geology
General subdivision Statistical methods
-- Data processing.
Source of heading or term BUEsh
655 ## - INDEX TERM--GENRE/FORM
Form subdivision Reading book
942 ## - ADDED ENTRY ELEMENTS (KOHA)
Koha item type Book - Borrowing
Source of classification or shelving scheme Dewey Decimal Classification
Holdings
Withdrawn status Lost status Damaged status Not for loan Home library Current library Shelving location Date acquired Source of acquisition Total Checkouts Full call number Barcode Date last seen Price effective from Koha item type
        Central Library Central Library First floor 07/11/2005 Purchase   551.0285 KOC 000007464 15/07/2025 05/11/2007 Book - Borrowing